000 00767nam a2200265Ia 4500
003 OSt
005 20220918173144.0
006 a|||||r|||| 00| 0
007 ta
008 220917b |||||||| |||| 00| 0 eng d
024 _a5,376
037 _cTextual
040 _aARTS
_cARTS
_beng
041 _2eng
_aeng
082 _a2:7, N1 (2D)
100 _aBopp Richard E. ed
_945120
245 0 _aRerfernce & information services
_b An introduction
260 _aColorado
_bLibraries Unlimited
_c1991
300 _a483p
_ccm.
490 _aLibrary science text series
650 _aLIBRARY SCIENCE
700 _a Smith Linda C. ed
_945121
942 _h2:7, N1 (2D)
_cTEXL
_2CC
999 _c147410
_d147410